Snow Covered National Parks Quiz Stats

 Plays Quiz not verified by Sporcle

Score 0/16 Timer 05:00
0 Plays Today
% Correct
Yellowstone
90.7%
Arches
82.1%
Grand Canyon
76.6%
Crater Lake
73.5%
Yosemite
71.1%
Sequoia
58.9%
Bryce Canyon
51%
Joshua Tree
50.3%
% Correct
Acadia
49.5%
Great Smoky Mountains
47.7%
Glacier
46.3%
Mesa Verde
39.6%
Saguaro
38.5%
Mount Rainier
27.3%
Theodore Roosevelt
23.9%
Petrified Forest
13.7%

You're not logged in!

Compare scores with friends on all Sporcle quizzes.
OR
Log In

Sporcle TV

Today on Sporcle TV


Watch our educational content, quiz creation guides, and fun videos on Sporcle TV.

Show Comments

Extras

Top Quizzes Today


Score Distribution

Your Account Isn't Verified!

In order to create a playlist on Sporcle, you need to verify the email address you used during registration. Go to your Sporcle Settings to finish the process.

Report this User

Report this user for behavior that violates our Community Guidelines.

Details: